All you need is a good idea! : How to create marketing messages that actually get results

محفوظ في:
التفاصيل البيبلوغرافية
المؤلف الرئيسي:  Heyman, Jay H
التنسيق: Sách
اللغة:Undetermined
منشور في:  John Wiley & Sons, Inc  2008
الموضوعات:
الوسوم: إضافة وسم
لا توجد وسوم, كن أول من يضع وسما على هذه التسجيلة!
Thư viện lưu trữ: Trung tâm Thư viện - Trường Đại học Công nghiệp TP. Hồ Chí Minh
LEADER 00526nam a2200157Ia 4500
001 UIH_04552
008 231011s9999 xx 000 0 und d
082 |a  658.8 
100 |a  Heyman, Jay H 
245 0 |a  All you need is a good idea! : How to create marketing messages that actually get results 
245 0 |c  Heyman, Jay H 
260 |b  John Wiley & Sons, Inc 
260 |c  2008 
650 |a  Marketing;  
927 |a Sách 
980 |a Trung tâm Thư viện - Trường Đại học Công nghiệp TP. Hồ Chí Minh